=LDR 00000nam 2200000 4500 =001 NUTBA000000000002984 =005 20140714165540.0 =006 =007 =008 =020 ##$$a 979-420-042-5 =035 ##$$a 0010-071400000000172 =040 ##$$a Ind =082 ##$$a 615 =090 ##$$a 615$bAni p =100 ##$$a Anief, Moh =245 ##$$a Penggalongan obat$bBerdasarkan khasiat dan penggunaan$cMoh anief =250 ##$$a Cet.4 =260 ##$$a Yogyakarta$bGajah mada$c1993 =300 ##$$a Ix,53 HLm$bIlus$c21 cm. =850 ##$$a NBPDMAT =990 ##$$a Dw00016835 =990 ##$$a 21400613/BPAP-NTB/20142014 =990 ##$$a 21400613/BPAP-NTB/20142014